| 000 | 00365nam a22001337a 4500 | ||
|---|---|---|---|
| 005 | 20260328094314.0 | ||
| 008 | 260328b |||||||| |||| 00| 0 eng d | ||
| 020 | _a812721843X | ||
| 050 |
_aPE1128 _b.A2 SAH |
||
| 100 | _aSahu Binod K. | ||
| 245 |
_aPrinciples of Teaching English _cBinod K. Sahu |
||
| 260 |
_aNew Delhi _bKalyani Publishers _c2004 |
||
| 942 |
_2lcc _cBK _n0 |
||
| 999 |
_c9199 _d9199 |
||